000 00372nam a22001697a 4500
005 20220617131737.0
020 _a9789386882141
041 _aEnglish
082 _a658.404 Q17 AGR
100 _aAgrawal Rashmi
245 _aProject Appraisal & Management
250 _a1
260 _aNew Delhi
_bTaxmann
_c2017
300 _a300
365 _b425.00
942 _cBK
999 _c168524
_d168524